5 acteurs 1 film - Statistiques

Statistiques générales
  • Ce quiz a été pris 612 fois
  • Le résultat moyen est 6 sur 10
Statistiques - réponses
Acteurs Film % Correct
John Travolta - Samuel L. Jackson - Bruce Willis - Uma Thurman - Ving Rhames Pulp Fiction
84%
Robert Downey Jr. - Chris Evans - Scarlett Johansson - Mark Ruffalo - Chris Hemsworth Avengers
83%
Anémone - Thierry Lhermitte - Christian Clavier - Marie-Anne Chazel - Gérard Jugnot Le père Noël est une ordure
66%
Monica Bellucci - Gérard Depardieu - Claude Rich - Christian Clavier - Jamel Debbouze Astérix et Obélix :Mission Cléopâtre
65%
Bourvil - Louis de Funès - Terry-Thomas - Claudio Brook - Marie Dubois La Grande Vadrouille
64%
Samy Naceri - Sylvester Stallone - Frédéric Diefenthal - Marion Cotillard - Bernard Farcy Taxi 3
58%
Jean Dujardin - Bérénice Bejo - Aure Atika - Philippe Lefebvre - François Damiens OSS 117 : Le Caire, nid d'espions
57%
Michael J. Fox - Christopher Lloyd - Crispin Glover - Lea Thompson - Thomas F. Wilson Retour vers le futur
53%
Daniel Craig - Eva Green - Mads Mikkelsen - Judi Dench - Jeffrey Wright Casino Royale
40%
Eddie Redmayne - Katherine Waterston - Johnny Depp - Dan Fogler - Jude Law Les Animaux fantastiques
30%
Aucun quiz correspondant
Distribution des résultats
% des personnes avec chaque résultat
Percentile par nombre de réponses
Votre historique - résultats
Vous n’avez pas pris ce quiz